<?xml version="1.0" encoding="UTF-8"?><?xml-stylesheet type="text/xsl" href="static/style.xsl"?><OAI-PMH xmlns="http://www.openarchives.org/OAI/2.0/" xmlns:xsi="http://www.w3.org/2001/XMLSchema-instance" xsi:schemaLocation="http://www.openarchives.org/OAI/2.0/ http://www.openarchives.org/OAI/2.0/OAI-PMH.xsd"><responseDate>2026-06-03T09:00:59Z</responseDate><request verb="GetRecord" identifier="oai:riuma.uma.es:10630/32683" metadataPrefix="marc">https://riuma.uma.es/rest/oai/request</request><GetRecord><record><header><identifier>oai:riuma.uma.es:10630/32683</identifier><datestamp>2026-02-03T10:58:03Z</datestamp><setSpec>com_10630_2254</setSpec><setSpec>col_10630_37953</setSpec></header><metadata><record xmlns="http://www.loc.gov/MARC21/slim" xmlns:dcterms="http://purl.org/dc/terms/" xmlns:doc="http://www.lyncode.com/xoai" xmlns:xsi="http://www.w3.org/2001/XMLSchema-instance" xsi:schemaLocation="http://www.loc.gov/MARC21/slim http://www.loc.gov/standards/marcxml/schema/MARC21slim.xsd">
   <leader>00925njm 22002777a 4500</leader>
   <datafield ind2=" " ind1=" " tag="042">
      <subfield code="a">dc</subfield>
   </datafield>
   <datafield ind2=" " ind1=" " tag="720">
      <subfield code="a">Horcas-Aguilera, José Miguel</subfield>
      <subfield code="e">author</subfield>
   </datafield>
   <datafield ind2=" " ind1=" " tag="720">
      <subfield code="a">Pinto-Alarcón, Mónica</subfield>
      <subfield code="e">author</subfield>
   </datafield>
   <datafield ind2=" " ind1=" " tag="720">
      <subfield code="a">Fuentes-Fernández, Lidia</subfield>
      <subfield code="e">author</subfield>
   </datafield>
   <datafield ind2=" " ind1=" " tag="720">
      <subfield code="a">Mallouli, Wissam</subfield>
      <subfield code="e">author</subfield>
   </datafield>
   <datafield ind2=" " ind1=" " tag="720">
      <subfield code="a">Montes de Oca, Edgardo</subfield>
      <subfield code="e">author</subfield>
   </datafield>
   <datafield ind2=" " ind1=" " tag="260">
      <subfield code="c">2016-05</subfield>
   </datafield>
   <datafield ind2=" " ind1=" " tag="520">
      <subfield code="a">Security policies are enforced through the deployment of certain security functionalities within the applications. When the security&#xd;
policies dynamically change, the associated security functionalities currently deployed within the applications must be adapted at runtime in order to enforce the new security policies. INTER-TRUST is a framework for the specification, negotiation, deployment and dynamic adaptation of interoperable security policies, in the context of pervasive systems where devices are constantly exchanging critical information through the network. The dynamic adaptation of the security policies at runtime is&#xd;
addressed using Aspect-Oriented Programming (AOP) that allows enforcing security requirements by dynamically weaving security aspects into the applications. However, a mechanism to guarantee the correct adaptation of the functionality that enforces the changing security policies is needed. In this paper, we present an approach based on the combination of monitoring and detection techniques in order to maintain the correlation between the security policies and the associated functionality&#xd;
deployed using AOP, allowing the INTER-TRUST framework to automatically react when needed.</subfield>
   </datafield>
   <datafield ind1="8" ind2=" " tag="024">
      <subfield code="a">Jose-Miguel Horcas, Mónica Pinto, Lidia Fuentes, Wissam Mallouli, Edgardo Montes de Oca, An approach for deploying and monitoring dynamic security policies, Computers &amp; Security, Volume 58, 2016, Pages 20-38, ISSN 0167-4048, https://doi.org/10.1016/j.cose.2015.11.007.</subfield>
   </datafield>
   <datafield ind1="8" ind2=" " tag="024">
      <subfield code="a">https://hdl.handle.net/10630/32683</subfield>
   </datafield>
   <datafield ind1="8" ind2=" " tag="024">
      <subfield code="a">10.1016/j.cose.2015.11.007</subfield>
   </datafield>
   <datafield tag="653" ind2=" " ind1=" ">
      <subfield code="a">Programación de ordenadores</subfield>
   </datafield>
   <datafield tag="653" ind2=" " ind1=" ">
      <subfield code="a">Seguridad informática</subfield>
   </datafield>
   <datafield ind2="0" ind1="0" tag="245">
      <subfield code="a">An approach for deploying and monitoring dynamic security policies.</subfield>
   </datafield>
</record>
</metadata></record></GetRecord></OAI-PMH>